|
|
|
|
| LEADER |
01019nam a22002297a 4500 |
| 001 |
AAL7299 |
| 003 |
BD-DhAAL |
| 005 |
20160206204948.0 |
| 008 |
160206s 2010bg a|||| |||| 00| 0 ben d |
| 020 |
|
|
|a 9847016200939
|
| 040 |
|
|
|a BD-DhAAL
|c BD-DhAAL
|
| 082 |
|
|
|a 954.9/2/022
|
| 100 |
|
|
|a হাসান, খন্দকার মাহমুদুল
|9 17768
|
| 245 |
|
|
|a প্রাচীন বাংলার লুপ্ত নগরী /
|c খন্দকার মাহমুদুল হাসান
|
| 260 |
|
|
|a ঢাকা :
|b পার্ল পাবলিকেশন্স,
|c ২০১০.
|
| 300 |
|
|
|a ৩০২ পৃ. :
|b চিত্র ;
|c ২২ সে.মি.
|
| 541 |
|
|
|e 7299
|
| 650 |
|
|
|a Extinct cities.
|x History
|z Bangladesh
|9 17769
|
| 651 |
|
|
|a Bangladesh
|x Antiquitie
|9 17770
|
| 942 |
|
|
|2 ddc
|c BK
|
| 999 |
|
|
|c 36783
|d 36783
|
| 952 |
|
|
|0 0
|1 0
|2 ddc
|4 0
|6 954_900000000000000_2_022_HAS
|7 0
|9 57881
|a SCL
|b SCL
|c GEN
|d 2016-02-06
|g 400.00
|l 1
|o 954.92022 HAS
|p 3020007299
|r 2023-06-11
|s 2023-06-06
|t 1
|w 2016-02-06
|y BK
|